Entry Término temático
001 - NÚMERO DE CONTROL
- campo de control: 21876
003 - IDENTIFICADOR DEL NÚMERO DE CONTROL
- campo de control: BNPHU
005 - FECHA Y HORA DE LA ÚLTIMA TRANSACCIÓN
- campo de control: 20240410192634.0
008 - DATOS DE LONGITUD FIJA
- campo de control de longitud fija: 200615|| aca||aabn | a|a d
010 ## - NÚMERO DE CONTROL DE LA BIBLIOTECA DEL CONGRESO
- Número de control de LC: sj2021053136
040 ## - FUENTE DE LA CATALOGACIÓN
- Centro catalogador/agencia de origen: DO-SdBNP
- Lengua de catalogación: spa
- Centro/agencia transcriptor: BNPHU
- Normas de descripción: rda
150 ## - ENCABEZAMIENTO--TÉRMINO DE MATERIA
- Término de materia o nombre geográfico como elemento de entrada: Veterinaria
360 ## - REFERENCIA COMPLEJA DE VÉASE ADEMÁS-MATERIA
- Enlace: |i la subdivisión |a Enfermedades |i bajo grupos de animales, por ejemplo |a Ganado--Enfermedades; Caballos--Enfermedades; |i enfermedades de animales, por ejemplo |a Fiebre aftosa; Peste porcina clásica ; Viruela en animales; |i y encabezamientos que incluyan la palabra |a Veterinaria
- Encabezamiento referido a: i subdivision
- Encabezamiento referido a: Enfermedades
- Texto explicativo: bajo grupos de animales, por ejemplo
- Encabezamiento referido a: Ganado--Enfermedades; Caballos--Enfermedades;
- Texto explicativo: enfermedades de animales, por ejemplo
- Encabezamiento referido a: Fiebre aftosa; Peste porcina clásica ; Viruela en animales;
- Texto explicativo: y encabezamientos que incluyan la palabra
- Encabezamiento referido a: Veterinaria
450 ## - TRAZADO DE VÉASE--TÉRMINO DE MATERIA
- Término de materia o nombre geográfico como elemento de entrada: Veterinary Medicina
450 ## - TRAZADO DE VÉASE--TÉRMINO DE MATERIA
- Término de materia o nombre geográfico como elemento de entrada: Medicina veterinaria
450 ## - TRAZADO DE VÉASE--TÉRMINO DE MATERIA
- Término de materia o nombre geográfico como elemento de entrada: Medicina de animales grandes
450 ## - TRAZADO DE VÉASE--TÉRMINO DE MATERIA
- Término de materia o nombre geográfico como elemento de entrada: Medicina de animales grandes
450 ## - TRAZADO DE VÉASE--TÉRMINO DE MATERIA
- Término de materia o nombre geográfico como elemento de entrada: Medicina del ganadera
550 ## - TRAZADO VÉASE ADEMÁS--TÉRMINO DE MATERIA
- Término de materia o nombre geográfico como elemento de entrada: Animales domésticos
- Subdivisión general: Enfermedades
550 ## - TRAZADO VÉASE ADEMÁS--TÉRMINO DE MATERIA
- Término de materia o nombre geográfico como elemento de entrada: Salud animal
550 ## - TRAZADO VÉASE ADEMÁS--TÉRMINO DE MATERIA
- Término de materia o nombre geográfico como elemento de entrada: Animales
- Subdivisión general: Enfermedades
550 ## - TRAZADO VÉASE ADEMÁS--TÉRMINO DE MATERIA
- Término de materia o nombre geográfico como elemento de entrada: Ganado
- Subdivisión general: Enfermedades
670 ## - FUENTE DE DATOS ENCONTRADOS
- Cita de la fuente: Work cat.: (OSt)7780: López González, Walfrido 21873, Con mi veterinario /, 2003.
670 ## - FUENTE DE DATOS ENCONTRADOS
- Identificador Uniforme del Recurso: https://authorities.loc.gov/cgi-bin/Pwebrecon.cgi?AuthRecID=11664210&v1=1&HC=1&SEQ=20240410185027&PID=QwTy0hhMyVzgDB9KQYV2g1aFKdqJ Consultado en: 10 de abril, 2024
670 ## - FUENTE DE DATOS ENCONTRADOS
- Identificador Uniforme del Recurso: https://librunam.dgb.unam.mx:8443/F/UNTBELSF2KR26UQD8SB83XVKHRF6MBU4JEKXQCGALEGPMI9IRA-10869?func=full-set-set&set_number=033751&set_entry=000001&format=001 Consultado en: 10 abril, 2024
